| 000 | 01024cam a22002653a 4500 | ||
|---|---|---|---|
| 001 | 9428 | ||
| 003 | PGUSA | ||
| 005 | 20140828083212.0 | ||
| 008 | 051201s2005||||xxu|||||s|||||000 1 eng d | ||
| 040 |
_aPGUSA _beng |
||
| 042 | _adc | ||
| 050 | 4 | _aPR | |
| 100 | 1 |
_aHardy, Thomas, _d1840-1928 |
|
| 245 | 1 | 2 |
_aA Group of Noble Dames _h[electronic resource] / _cThomas Hardy |
| 260 |
_bProject Gutenberg, _c2005 |
||
| 505 | 0 | _aThe first Countess of Wessex -- Barbara, of the house of Grebe -- The Marchioness of Stonehenge -- Lady Mottisfont -- The Lady Icenway -- Squire Petrick's lady -- Anna Lady Baxby -- The Lady Penelope -- The Duchess of Hamptonshire -- The Honorable Laura. | |
| 506 | _aCopyrighted. Read the copyright notice inside this book for details. | ||
| 516 | _aElectronic text | ||
| 653 | _aNobility -- Fiction | ||
| 653 | _aWomen -- England -- Fiction | ||
| 653 | _aWessex (England) -- Fiction | ||
| 830 | 0 |
_aProject Gutenberg _v9428 |
|
| 856 | 4 | 0 | _uhttp://www.gutenberg.org/ebooks/9428 |
| 942 | _cAB | ||
| 999 |
_c238684 _d238684 |
||